000 00403nam a22001697a 4500
005 20180604114038.0
008 160521b xxu||||| |||| 00| 0 eng d
020 _a81-8054-62-7
041 _aeng
082 _b3830
_a519.5
100 _aS.P. Gupta
_94327
245 _aStatistical Methods
260 _aNew Delhi
_bSultan Chand & Sons,
300 _a1446
650 _aManagement
_9241
942 _cBK
999 _c1326
_d1326